<?xml version="1.0" encoding="UTF-8"?>
<record
    xmlns:xsi="http://www.w3.org/2001/XMLSchema-instance"
    xsi:schemaLocation="http://www.loc.gov/MARC21/slim http://www.loc.gov/standards/marcxml/schema/MARC21slim.xsd"
    xmlns="http://www.loc.gov/MARC21/slim">

  <leader>01557nam a22002777a 4500</leader>
  <controlfield tag="001">8147</controlfield>
  <controlfield tag="003">FISKH</controlfield>
  <controlfield tag="005">20250828131518.0</controlfield>
  <controlfield tag="008">250828b        cb ||||| |||| 00| 0 eng d</controlfield>
  <datafield tag="020" ind1=" " ind2=" ">
    <subfield code="a">9780547237558</subfield>
  </datafield>
  <datafield tag="040" ind1=" " ind2=" ">
    <subfield code="a">FISKH</subfield>
    <subfield code="b">khr</subfield>
    <subfield code="c">FISKH</subfield>
    <subfield code="d">FISKH</subfield>
  </datafield>
  <datafield tag="050" ind1=" " ind2=" ">
    <subfield code="a">SF426 .T87</subfield>
  </datafield>
  <datafield tag="082" ind1=" " ind2=" ">
    <subfield code="a">636.7</subfield>
  </datafield>
  <datafield tag="100" ind1=" " ind2=" ">
    <subfield code="a">Turner,  Pamela S. </subfield>
  </datafield>
  <datafield tag="245" ind1=" " ind2=" ">
    <subfield code="a">Hachiko &#x17A0;&#x17B6;&#x200B; &#x1787;&#x17B7; &#x1780;&#x17BC; : </subfield>
    <subfield code="b">The true story of a royal dog / </subfield>
    <subfield code="c">written by Pamela S. Turner : illustrated by Yan Nascimbene</subfield>
  </datafield>
  <datafield tag="260" ind1=" " ind2=" ">
    <subfield code="a">Phnom Penh :</subfield>
    <subfield code="b">Cambodia Daily Press , </subfield>
    <subfield code="c">2004.</subfield>
  </datafield>
  <datafield tag="300" ind1=" " ind2=" ">
    <subfield code="a">32 unnumbered pages : </subfield>
    <subfield code="b">color illustrations ;</subfield>
    <subfield code="c">20 X 20 cm . </subfield>
  </datafield>
  <datafield tag="505" ind1=" " ind2=" ">
    <subfield code="a">K 
</subfield>
  </datafield>
  <datafield tag="520" ind1=" " ind2=" ">
    <subfield code="a">&#x1793;&#x17C1;&#x17C7;&#x1787;&#x17B6;&#x179A;&#x17BF;&#x1784;&#x1796;&#x17B7;&#x178F;&#x17A2;&#x17C6;&#x1796;&#x17B8;&#x1786;&#x17D2;&#x1780;&#x17C2;&#x1798;&#x17BD;&#x1799;&#x178A;&#x17C2;&#x179B;&#x1794;&#x17B6;&#x1793;&#x178A;&#x17BE;&#x179A;&#x178F;&#x17B6;&#x1798;&#x1798;&#x17D2;&#x1785;&#x17B6;&#x179F;&#x17CB;&#x179A;&#x1794;&#x179F;&#x17CB;&#x179C;&#x17B6;&#x1791;&#x17C5;-&#x1798;&#x1780;&#x179F;&#x17D2;&#x1790;&#x17B6;&#x1793;&#x17B8;&#x1799;&#x17CD;&#x179A;&#x1790;&#x1797;&#x17D2;&#x179B;&#x17BE;&#x1784;&#x1793;&#x17C5;&#x1791;&#x17B8;&#x1780;&#x17D2;&#x179A;&#x17BB;&#x1784;&#x178F;&#x17BC;&#x1780;&#x17D2;&#x1799;&#x17BC;&#x179A;&#x1799;&#x17C8;&#x1796;&#x17C1;&#x179B;&#x1798;&#x17BD;&#x1799;&#x1786;&#x17D2;&#x1793;&#x17B6;&#x17C6; &#x17A0;&#x17BE;&#x1799;&#x1794;&#x1793;&#x17D2;&#x1791;&#x17B6;&#x1794;&#x17CB;&#x1796;&#x17B8;&#x1798;&#x17D2;&#x1785;&#x17B6;&#x179F;&#x17CB;&#x179C;&#x17B6;&#x179F;&#x17D2;&#x179B;&#x17B6;&#x1794;&#x17CB; &#x179C;&#x17B6;&#x1794;&#x17B6;&#x1793;&#x1794;&#x1793;&#x17D2;&#x178F;&#x179A;&#x1784;&#x17CB;&#x1785;&#x17B6;&#x17C6;&#x1798;&#x17D2;&#x1785;&#x17B6;&#x179F;&#x17CB;&#x1793;&#x17C5;&#x1791;&#x17B8;&#x1793;&#x17C4;&#x17C7;&#x179A;&#x17C0;&#x1784;&#x179A;&#x17B6;&#x179B;&#x17CB;&#x1790;&#x17D2;&#x1784;&#x17C3;&#x1787;&#x17B6;&#x1785;&#x17D2;&#x179A;&#x17BE;&#x1793;&#x1786;&#x17D2;&#x1793;&#x17B6;&#x17C6;&#x1791;&#x17C0;&#x178F;&#x17D4;</subfield>
  </datafield>
  <datafield tag="520" ind1=" " ind2=" ">
    <subfield code="a">Relates the true story of a dog who accompanied his master to and from a Tokyo train station for a year and, after his master died, continued to wait for him there every day for many years.
</subfield>
  </datafield>
  <datafield tag="521" ind1="8" ind2=" ">
    <subfield code="a">510 
</subfield>
    <subfield code="b">Lexile estimate 
</subfield>
  </datafield>
  <datafield tag="521" ind1="8" ind2=" ">
    <subfield code="a">K 
</subfield>
    <subfield code="b">Raz-Plus 
</subfield>
  </datafield>
  <datafield tag="700" ind1=" " ind2=" ">
    <subfield code="a">Nascimbene, Yan</subfield>
    <subfield code="e">Illustrator </subfield>
  </datafield>
  <datafield tag="942" ind1=" " ind2=" ">
    <subfield code="2">ddc</subfield>
    <subfield code="c">BK</subfield>
    <subfield code="n">0</subfield>
  </datafield>
  <datafield tag="999" ind1=" " ind2=" ">
    <subfield code="c">8147</subfield>
    <subfield code="d">8147</subfield>
  </datafield>
  <datafield tag="952" ind1=" " ind2=" ">
    <subfield code="0">0</subfield>
    <subfield code="1">0</subfield>
    <subfield code="2">ddc</subfield>
    <subfield code="4">0</subfield>
    <subfield code="7">0</subfield>
    <subfield code="8">KH</subfield>
    <subfield code="a">002</subfield>
    <subfield code="b">002</subfield>
    <subfield code="c">TTP Khmer</subfield>
    <subfield code="d">2025-08-28</subfield>
    <subfield code="l">0</subfield>
    <subfield code="o">TUR 636.7 SF426 .T87</subfield>
    <subfield code="p">2025-4307</subfield>
    <subfield code="r">2025-08-28 13:06:19</subfield>
    <subfield code="w">2025-08-28</subfield>
    <subfield code="y">BK</subfield>
  </datafield>
</record>
